| 000 | 00727cab a2200241 4500 | ||
|---|---|---|---|
| 001 | WB3008-08 | ||
| 008 | 090401t1994 xxu||||| |||| 00| 0 eng d | ||
| 035 | _a(Sirsi) u75991 | ||
| 041 | _aeng | ||
| 245 | _aSouth Bank architectural competition | ||
| 260 | _c1994 | ||
| 350 | _a0 | ||
| 490 |
_aDoE News Release _v(111) 22 February 1994 (2) |
||
| 520 | _aEnglish Partnerships will contribute £100 000 to the architectural competition to revitalise the South Bank. | ||
| 650 | _aARCHITECTURAL COMPETITIONS | ||
| 650 | _aCOMPETITION | ||
| 650 | _aENGLISH PARTNERSHIPS | ||
| 650 | _aLONDON | ||
| 650 | _aSOUTH BANK OF LONDON | ||
| 690 | _aBUILT ENVIRONMENT-CONSTRUCTION DESIGN | ||
| 942 | _n0 | ||
| 948 | _c04/03/1997 | ||
| 999 |
_c47812 _d47812 |
||